00629nam a2200157Ia 4500008004100000050002700041100002900068245009000097260008600187300003300273521001500306650001400321942000700335999001900342952011000361140724s9999 xx 000 0 und d aPN 1992.94b.C335 2010 aCasanova, Bernard Peter. 2aA video production on the lifestyle of a Reggae Enthusiast /cBernard Peter Casanova. aLas Piñas, Philippines :bSouthville International School and Colleges,cc2010. a51 p. :bcol. Ill. ;c28 cm. aMedia Arts aLifestyle cTH c228755d228755 001040aCLbCLcTHESESd2014-07-24l0oPN 1992.94 .C335 2010pT0109r2018-05-15 00:00:00w2014-07-24yTH